000 00678nam a2200253Ia 4500
003 OSt
005 20220925210631.0
006 a|||||r|||| 00| 0
007 ta
008 220923b |||||||| |||| 00| 0 eng d
020 _a0697050785
037 _cGeneral Book
040 _aRTL
_cRTL
_beng
041 _2eng
_aeng
082 _aU47, L4
100 _aByrne Frank
_9272827
245 0 _aEarth and man
260 _aIowa
_bBrown
_c1974
300 _axiii,765p.
_ccm.
500 _aBib p. 755-57; Appendix p. 701-28; Glossary p. 729-53
650 _aHuman Geography
_91464
942 _hU47, L4
_cGB
_2CC
999 _c555662
_d555662